00765 2200193 4500001002100000005001500021035002000036245018000056100001600236250002000252300004300272856002200315700012300337260004200460082001000502084001600512020002200528650002100550INLIS00000000114808420260330115419 a0010-03260005951 aBACA BUKU INI SAAT ENGKAU LELAH /cPenulis; Munita Yeni, Penyunting; Sony Adams, Pemeriksa Aksara; Mustika Putri, Penata Aksara; Zulkarnaen DS, Perancang sampul; Zulkarnaen DS0 aMunita Yeni aCetakan Pertama a218 :bIlustrasi ;c15 x 21 cmeKertas aPerpustakaan Umum0 aPenyunting; Sony Adams, Pemeriksa Aksara; Mustika Putri, Penata Aksara; Zulkarnaen DS, Perancang sampul; Zulkarnaen DS aYogyakarta :bPsikologi Corner,c2021 a158.1 a158.1 MUN b a978-602-5907-78-4 4aSelf Improvement